00366pab a2200121 454500008004000000100002100040245008500061260000900146300001500155362001200170650002200182773004000204180718b2013 xxu||||| |||| 00| 0 eng d aAshwini Roy A.S. aUrban governance - The problems of city government in Bangalore (from 1990-2006) c2013 ap.675-680. aOct-Dec aUrban development aIndian Journal of Political Science